|
|
|
|
| LEADER |
00941pam a22002418a 4500 |
| 001 |
00037873 |
| 005 |
20171026081025.0 |
| 008 |
170514s2003 ||||||Viesd |
| 041 |
0 |
# |
|a Vie
|
| 082 |
1 |
4 |
|a 371.2
|b TH455T
|
| 100 |
1 |
# |
|a Đỗ, Thiết Thạch
|
| 110 |
1 |
# |
|a Trường CB Quản lý giao dục và đào tạo II
|
| 245 |
1 |
0 |
|a Thông tin quản lý trường học
|b (Tài liệu dùng cho các lớp bồi dưỡng Hiệu trưởng mầm non, phổ thông và THCN - DN)
|c Đỗ Thiết Thạch
|
| 260 |
# |
# |
|a TP. Hồ Chí Minh
|c 2003
|
| 300 |
# |
# |
|a 56tr.
|c 30 cm
|
| 653 |
# |
# |
|a Thông tin
|
| 653 |
# |
# |
|a quản lý
|
| 653 |
# |
# |
|a trường học
|
| 852 |
# |
# |
|b Kho mượn
|j KM.0021705
|
| 852 |
# |
# |
|j KD.1000563, KD.0020627
|b Kho đọc
|
| 852 |
# |
# |
|j KM.0021705
|j KD.0020627
|
| 910 |
|
|
|d 14/05/2017
|
| 980 |
# |
# |
|a Trung tâm Học liệu Lê Vũ Hùng, Trường Đại học Đồng Tháp
|